LEADER 01535nam 2200529Ia 450 001 9910450738303321 005 20200520144314.0 010 $a1-280-70543-4 010 $a9786610705436 010 $a1-84663-161-0 035 $a(CKB)1000000000337387 035 $a(SSID)ssj0000465572 035 $a(PQKBManifestationID)11294832 035 $a(PQKBTitleCode)TC0000465572 035 $a(PQKBWorkID)10440146 035 $a(PQKB)11657330 035 $a(MiAaPQ)EBC275462 035 $a(Au-PeEL)EBL275462 035 $a(CaPaEBR)ebr10146660 035 $a(CaONFJC)MIL70543 035 $a(OCoLC)935261707 035 $a(EXLCZ)991000000000337387 100 $a20000815d2006 uy 0 101 0 $aeng 135 $aurcn||||||||| 181 $ctxt 182 $cc 183 $acr 200 00$aAdvances in e-democracy$b[electronic resource] $eengaging citizens and electorates online /$fguest editor: Barrie Gunter 210 $aBradford, England $cEmerald Group Publishing$dc2006 215 $a106 p 225 0 $aAslib Proceedings ;$v58, no. 5 300 $aBibliographic Level Mode of Issuance: Monograph 311 $a1-84663-160-2 606 $aElections 606 $aInternet voting 608 $aElectronic books. 615 0$aElections. 615 0$aInternet voting. 701 $aGunter$b Barrie$0115802 801 0$bMiAaPQ 801 1$bMiAaPQ 801 2$bMiAaPQ 906 $aBOOK 912 $a9910450738303321 996 $aAdvances in e-democracy$92193557 997 $aUNINA LEADER 01690nas 22005293a 450 001 996199815403316 005 20240113213019.0 011 $a1549-6333 035 $a(DE-599)ZDB2198259-4 035 $a(OCoLC)54832064 035 $a(CKB)111088195282718 035 $a(CONSER)--2004212233 035 $a(EXLCZ)99111088195282718 100 $a20040329a20059999 s-- a 101 0 $aeng 135 $aurcnu|||||||| 181 $ctxt$2rdacontent 182 $cc$2rdamedia 183 $acr$2rdacarrier 200 10$aACM transactions on algorithms $eTALG 210 $aNew York, N.Y. $cAssociation for Computing Machinery$d2005- 300 $aRefereed/Peer-reviewed 300 $aTitle from table of contents page (ACM portal viewed on Jan. 25, 2006). 311 $a1549-6325 517 3 $aTransactions on algorithms 517 3 $aTALG 531 $aACM TRANS. ALGORITHMS 531 $aACM T ALGORITHMS 606 $aComputer programming$vPeriodicals 606 $aComputer algorithms$vPeriodicals 606 $aProgrammation (Informatique)$vPériodiques 606 $aAlgorithmes$vPériodiques 606 $aComputer algorithms$2fast$3(OCoLC)fst00872010 606 $aComputer programming$2fast$3(OCoLC)fst00872390 608 $aPeriodicals.$2fast 615 0$aComputer programming 615 0$aComputer algorithms 615 6$aProgrammation (Informatique) 615 6$aAlgorithmes 615 7$aComputer algorithms. 615 7$aComputer programming. 676 $a004 712 02$aAssociation for Computing Machinery. 906 $aJOURNAL 912 $a996199815403316 996 $aACM transactions on algorithms$91111069 997 $aUNISA